Business Ethics (Record no. 12587)

MARC details
000 -LEADER
fixed length control field 00409nam a22001817a 4500
003 - CONTROL NUMBER IDENTIFIER
control field OSt
008 - FIXED-LENGTH DATA ELEMENTS--GENERAL INFORMATION
fixed length control field 240430b |||||||| |||| 00| 0 eng d
020 ## - INTERNATIONAL STANDARD BOOK NUMBER
International Standard Book Number 9789355730978
082 ## - DEWEY DECIMAL CLASSIFICATION NUMBER
Classification number 174.4 FEB
100 ## - MAIN ENTRY--PERSONAL NAME
Personal name FERRELL,OC
245 ## - TITLE STATEMENT
Title Business Ethics
250 ## - EDITION STATEMENT
Edition statement 12th Ed
260 ## - PUBLICATION, DISTRIBUTION, ETC. (IMPRINT)
Place of publication, distribution, etc New delhi
Name of publisher, distributor, etc Cengage
Date of publication, distribution, etc 2023
300 ## - PHYSICAL DESCRIPTION
Extent 585
700 ## - ADDED ENTRY--PERSONAL NAME
Personal name FRAEDRICH,John
700 ## - ADDED ENTRY--PERSONAL NAME
Personal name FERRELL,Linda
942 ## - ADDED ENTRY ELEMENTS (KOHA)
Source of classification or shelving scheme Dewey Decimal Classification
Koha item type Text Books
Holdings
Withdrawn status Lost status Source of classification or shelving scheme Damaged status Not for loan Collection code Home library Current library Date acquired Source of acquisition Currency Cost, normal purchase price Bill Number Total Checkouts Full call number Acc. no. / Barcode Date last seen Actual Cost, discounted price Bill Date Koha item type Date last borrowed Checked out
    Dewey Decimal Classification     MBA PIET C-LIBRARY PIET C-LIBRARY 23/03/2024 Zafaa Books and Distributors In rupees 825.00 ZBD0463   174.4 FEB 36686 30/04/2024 594.00 23/03/2024 Reference Books    
    Dewey Decimal Classification     MBA PIET C-LIBRARY PIET C-LIBRARY 23/03/2024 Zafaa Books and Distributors In rupees 825.00 ZBD0463 1 174.4 FEB 36687 23/12/2025 594.00 23/03/2024 Text Books 04/10/2025  
    Dewey Decimal Classification     MBA PIET C-LIBRARY PIET C-LIBRARY 23/03/2024 Zafaa Books and Distributors In rupees 825.00 ZBD0463 1 174.4 FEB 36688 29/01/2025 594.00 23/03/2024 Text Books 29/01/2025 18/08/2025
    Dewey Decimal Classification     MBA PIET C-LIBRARY PIET C-LIBRARY 23/03/2024 Zafaa Books and Distributors In rupees 825.00 ZBD0463   174.4 FEB 36689 30/04/2024 594.00 23/03/2024 Text Books    
    Dewey Decimal Classification     MBA PIET C-LIBRARY PIET C-LIBRARY 23/03/2024 Zafaa Books and Distributors In rupees 825.00 ZBD0463   174.4 FEB 36690 30/04/2024 594.00 23/03/2024 Text Books    

Design & Developed by: PIET Central Library
R70 Miles Stone Pattikalyana Samalkha Panipat 132102
mail ID :- [email protected], Phone No:- 0180-2569700 Ex.216